[Event "BEL-chT 2122"]
[Site "Belgium"]
[Date "2022.03.20"]
[Round "4.6"]
[White "Russo, Bruno"]
[Black "Kolkin, Michail"]
[Result "0-1"]
[WhiteElo "1836"]
[BlackElo "2314"]
[PlyCount "42"]
[EventDate "2021.10.24"]
[EventType "team-tourn"]
[EventRounds "11"]
[EventCountry "BEL"]
[SourceTitle "EXT 2023"]
[Source "ChessBase"]
[SourceDate "2022.10.05"]
[SourceVersion "1"]
[SourceVersionDate "2022.10.05"]
[SourceQuality "1"]
[WhiteTeam "Montigny Fontaine"]
[BlackTeam "Tal"]
[WhiteTeamCountry "BEL"]
[BlackTeamCountry "BEL"]

1. e4 c5 2. Nf3 Nc6 3. d4 cxd4 4. Nxd4 e5 5. Nb5 d6 6. N1c3 a6 7. Na3 b5 8. Nd5 Nge7 9. Bg5 f6 10. Qh5+ g6 11. Nxf6+ Kf7 12. Qh4 h6 13. Nd5 hxg5 14. Qxh8 Nxd5 15. exd5 Qa5+ 16. c3 Ne7 17. Bd3 Bg7 18. Qh7 Bd7 19. Bxg6+ Nxg6 20. Qh5 g4 21. Qg5 Nf4 0-1

[Event "BEL-chT 2122"]
[Site "Belgium"]
[Date "2021.10.24"]
[Round "1.7"]
[White "Russo, Bruno"]
[Black "Dardha, Arben"]
[Result "1-0"]
[WhiteElo "1836"]
[BlackElo "2247"]
[PlyCount "113"]
[EventDate "2021.10.24"]
[EventType "team-tourn"]
[EventRounds "11"]
[EventCountry "BEL"]
[SourceTitle "EXT 2023"]
[Source "ChessBase"]
[SourceDate "2022.10.05"]
[SourceVersion "1"]
[SourceVersionDate "2022.10.05"]
[SourceQuality "1"]
[WhiteTeam "Montigny Fontaine"]
[BlackTeam "Wirtzfeld"]
[WhiteTeamCountry "BEL"]
[BlackTeamCountry "BEL"]

1. e4 c5 2. Nf3 Nc6 3. d4 cxd4 4. Nxd4 e5 5. Nb5 d6 6. N1c3 a6 7. Na3 b5 8. Nd5 Nf6 9. Bg5 Be7 10. Bxf6 Bxf6 11. c3 Bg5 12. Nc2 0-0 13. Nce3 Bxe3 14. Nxe3 Be6 15. Be2 Ne7 16. Bf3 Qb6 17. 0-0 Rac8 18. Qd2 Rfd8 19. a4 Qc5 20. Rfe1 Rb8 21. axb5 axb5 22. Ra6 d5 23. exd5 Nxd5 24. Qe2 Nf4 25. Qc2 b4 26. Rc6 Qb5 27. c4 Qa5 28. Rd1 b3 29. Qb1 g6 30. Rcd6 Rxd6 31. Rxd6 Qb4 32. Rc6 Rd8 33. g3 Nd3 34. Bd5 Qd2 35. Qf1 Bxd5 36. Nxd5 Nxb2 37. Nf6+ Kg7 38. Qh3 h5 39. Qh4 Nd1 40. Ne4 Qd7 41. Qf6+ Kg8 42. Rd6 Qxd6 43. Nxd6 Rd7 44. Ne8 Kf8 45. Qh8+ Ke7 46. Qxe5+ Kf8 47. Qb8 Rd3 48. c5 b2 49. Nd6+ Kg7 50. Nc4 Rf3 51. Nxb2 Nxf2 52. Qe5+ f6 53. Qe7+ Kh6 54. Kg2 Rb3 55. Kxf2 Rxb2+ 56. Kf3 Rb3+ 57. Qe3+ 1-0

[Event "BEL-chT 1516"]
[Site "Belgium"]
[Date "2016.04.17"]
[Round "10.6"]
[White "Russo, Bruno"]
[Black "Stark, Lars"]
[Result "0-1"]
[WhiteElo "1923"]
[BlackElo "2429"]
[PlyCount "103"]
[EventDate "2015.09.27"]
[EventType "team-tourn"]
[EventRounds "11"]
[EventCountry "BEL"]
[SourceTitle "EXT 2017"]
[Source "ChessBase"]
[SourceDate "2016.10.25"]
[SourceVersion "1"]
[SourceVersionDate "2016.10.25"]
[SourceQuality "1"]
[WhiteTeam "Fontaine"]
[BlackTeam "Eynatten"]
[WhiteTeamCountry "BEL"]
[BlackTeamCountry "BEL"]

1. e4 e6 2. d4 d5 3. Nd2 Nc6 4. c3 e5 5. dxe5 dxe4 6. Qa4 e3 7. fxe3 Nge7 8. Ndf3 Ng6 9. Ne2 Bd7 10. Qe4 Qe7 11. Ned4 Ngxe5 12. Nxc6 Nxc6 13. Bd3 0-0-0 14. Qxe7 Bxe7 15. 0-0 f6 16. Nd4 Ne5 17. Be2 c5 18. Nf3 Bd6 19. Bd2 Be6 20. Nxe5 Bxe5 21. Rfd1 Bf5 22. Be1 Kc7 23. Rxd8 Rxd8 24. Rd1 Re8 25. h3 Re7 26. Bf3 Be6 27. b3 b5 28. Kf2 Re8 29. c4 b4 30. Bd5 Bf5 31. e4 Bd7 32. Kf3 f5 33. Bf2 Bd6 34. Re1 fxe4+ 35. Rxe4 Rf8+ 36. Ke2 Bf5 37. Rh4 Re8+ 38. Kd1 g5 39. Rh6 Bg6 40. h4 Bf8 41. h5 Bxh6 42. hxg6 hxg6 43. Bxc5 a5 44. a3 Bf8 45. axb4 axb4 46. Bxf8 Rxf8 47. Ke2 Kd6 48. Be4 Rf6 49. Ke3 Kc5 50. Kd3 Rf2 51. Bf3 Rb2 52. Bd1 0-1

[Event "BEL-chT 1516"]
[Site "Belgium"]
[Date "2016.02.21"]
[Round "7.8"]
[White "Honhon, Roland"]
[Black "Russo, Bruno"]
[Result "1/2-1/2"]
[WhiteElo "2142"]
[BlackElo "1923"]
[PlyCount "75"]
[EventDate "2015.09.27"]
[EventType "team-tourn"]
[EventRounds "11"]
[EventCountry "BEL"]
[SourceTitle "CBM 170 Extra"]
[Source "ChessBase"]
[SourceDate "2016.02.25"]
[SourceVersion "1"]
[SourceVersionDate "2016.02.25"]
[SourceQuality "1"]
[WhiteTeam "Wirtzfeld"]
[BlackTeam "Fontaine"]
[WhiteTeamCountry "BEL"]
[BlackTeamCountry "BEL"]

1. c4 e5 2. g3 Nf6 3. Bg2 c6 4. d4 e4 5. Nc3 d5 6. Bg5 Bb4 7. Rc1 0-0 8. Nh3 Re8 9. 0-0 Bxc3 10. Rxc3 dxc4 11. f3 e3 12. Rxe3 Rxe3 13. Bxe3 Nbd7 14. Bf2 Qa5 15. Qb1 Nf8 16. e4 Bd7 17. Nf4 Rd8 18. Rc1 Ne6 19. Ne2 b5 20. b3 cxb3 21. axb3 b4 22. Qb2 Qb5 23. Qd2 Bc8 24. Rc4 a5 25. h4 Ba6 26. Bf1 Qb7 27. Rc1 h6 28. Ra1 Qc7 29. Kg2 Nh5 30. Rd1 Bxe2 31. Bxe2 Nxd4 32. f4 Ne6 33. Qe3 Rxd1 34. Bxd1 Nf6 35. f5 Nf8 36. Bf3 N8d7 37. Be2 Qe5 38. Bf3 1/2-1/2

[Event "Fourmies op 35th"]
[Site "Fourmies"]
[Date "2011.06.11"]
[Round "2"]
[White "Ribeiro, Romain"]
[Black "Russo, Bruno"]
[Result "1-0"]
[WhiteElo "2183"]
[BlackElo "1950"]
[PlyCount "73"]
[EventDate "2011.06.11"]
[EventType "swiss"]
[EventRounds "7"]
[EventCountry "FRA"]
[SourceTitle "CBM 142 Extra"]
[Source "ChessBase"]
[SourceDate "2011.06.27"]
[SourceVersion "1"]
[SourceVersionDate "2011.06.27"]
[SourceQuality "1"]

1. e4 c5 2. Nc3 Nc6 3. Nf3 d6 4. d4 cxd4 5. Nxd4 g6 6. Be3 Nf6 7. f3 Bg7 8. Qd2 0-0 9. 0-0-0 Nxd4 10. Bxd4 Be6 11. Kb1 Qc7 12. g4 Rfc8 13. h4 Qa5 14. Qg5 Qxg5 15. hxg5 Nd7 16. Bxg7 Kxg7 17. Rh4 Rc5 18. f4 Rac8 19. Bb5 Nf8 20. Bd3 a6 21. Na4 R5c6 22. f5 b5 23. Nc3 Bc4 24. Rh2 Nd7 25. Rdh1 Rh8 26. Re2 Ne5 27. Bxc4 Rxc4 28. Nd5 Nf3 29. f6+ exf6 30. gxf6+ Kf8 31. Re3 Nd2+ 32. Kc1 Nxe4 33. Rhe1 Nxf6 34. Nxf6 Kg7 35. g5 Rhc8 36. c3 b4 37. Ne8+ 1-0

[Event "CEF Winter-ch Division 1"]
[Site "Fontaine l'Eveque"]
[Date "2011.01.21"]
[Round "6.3"]
[White "Russo, Bruno"]
[Black "Ducruet, Francis"]
[Result "1-0"]
[WhiteElo "1954"]
[BlackElo "1626"]
[PlyCount "37"]
[EventDate "2010.11.19"]
[EventType "tourn"]
[EventRounds "7"]
[EventCountry "BEL"]
[SourceTitle "EXT 2024"]
[Source "ChessBase"]
[SourceDate "2023.10.10"]
[SourceVersion "1"]
[SourceVersionDate "2023.10.10"]
[SourceQuality "1"]

1. e4 d6 2. d4 e6 3. Nc3 Be7 4. Bd3 e5 5. Bc4 exd4 6. Qxd4 Bf6 7. Qe3 Be5 8. Bd2 c6 9. f4 Bf6 10. e5 Be7 11. exd6 Qxd6 12. Ne4 Qg6 13. Nf3 Nd7 14. f5 Qh6 15. Qe2 Qh5 16. Bxf7+ Kxf7 17. Nfg5+ Qxg5 18. Nxg5+ Ke8 19. Qh5+ 1-0

[Event "CEF Winter-ch Division 1"]
[Site "Fontaine l'Eveque"]
[Date "2010.11.19"]
[Round "1.1"]
[White "Russo, Bruno"]
[Black "Dejasse, Daniel"]
[Result "1-0"]
[WhiteElo "1954"]
[BlackElo "1694"]
[PlyCount "45"]
[EventDate "2010.11.19"]
[EventType "tourn"]
[EventRounds "7"]
[EventCountry "BEL"]
[SourceTitle "EXT 2024"]
[Source "ChessBase"]
[SourceDate "2023.10.10"]
[SourceVersion "1"]
[SourceVersionDate "2023.10.10"]
[SourceQuality "1"]

1. e4 e5 2. Nf3 Nc6 3. Bc4 Bc5 4. c3 Nf6 5. d3 0-0 6. 0-0 d5 7. exd5 Nxd5 8. b4 Bb6 9. b5 Na5 10. Nxe5 Nxc3 11. Nxc3 Bd4 12. Bxf7+ Kh8 13. Qh5 Bxe5 14. Bg6 h6 15. Qxe5 Rf6 16. Qh5 Qd4 17. Bxh6 Rxg6 18. Qxg6 gxh6 19. Qxh6+ Kg8 20. Qg6+ Kh8 21. Rae1 Bd7 22. Re7 c6 23. Rh7# 1-0

[Event "Charleroi op"]
[Site "Charleroi"]
[Date "2010.08.03"]
[Round "5"]
[White "Vanderwaeren, Serge"]
[Black "Russo, Bruno"]
[Result "1-0"]
[WhiteElo "2168"]
[BlackElo "1949"]
[PlyCount "57"]
[EventDate "2010.07.31"]
[EventType "swiss"]
[EventRounds "9"]
[EventCountry "BEL"]
[SourceTitle "CBM 137 Extra"]
[Source "ChessBase"]
[SourceDate "2010.09.01"]
[SourceVersion "1"]
[SourceVersionDate "2010.09.01"]
[SourceQuality "1"]

1. Nf3 d5 2. e3 Nf6 3. c4 c6 4. Nc3 a6 5. a4 Nbd7 6. d4 e6 7. Bd3 Bd6 8. 0-0 0-0 9. e4 dxe4 10. Nxe4 Nxe4 11. Bxe4 f5 12. Bc2 e5 13. c5 Bc7 14. Bb3+ Kh8 15. Ng5 e4 16. Ne6 Bxh2+ 17. Kxh2 Qh4+ 18. Kg1 f4 19. Bxf4 Rxf4 20. Nxf4 Nf6 21. g3 Qh6 22. Be6 g5 23. Bxc8 Rxc8 24. Ne6 Re8 25. Nxg5 Qxg5 26. Kg2 Ng4 27. Ra3 Qh5 28. Rh1 Qf5 29. Qe2 1-0

[Event "Charleroi op"]
[Site "Charleroi"]
[Date "2010.08.01"]
[Round "2"]
[White "Russo, Bruno"]
[Black "Claesen, Pieter"]
[Result "0-1"]
[WhiteElo "1949"]
[BlackElo "2350"]
[PlyCount "68"]
[EventDate "2010.07.31"]
[EventType "swiss"]
[EventRounds "9"]
[EventCountry "BEL"]
[SourceTitle "CBM 137 Extra"]
[Source "ChessBase"]
[SourceDate "2010.09.01"]
[SourceVersion "1"]
[SourceVersionDate "2010.09.01"]
[SourceQuality "1"]

1. e4 c6 2. d4 g6 3. Nc3 d5 4. exd5 cxd5 5. Nf3 Bg7 6. h3 Nf6 7. Bf4 Nc6 8. Bb5 Qb6 9. 0-0 0-0 10. Bxc6 Qxc6 11. Ne5 Qa6 12. Re1 Be6 13. Qd2 Rac8 14. g4 Rfd8 15. f3 Nd7 16. h4 Qb6 17. Rab1 Bxe5 18. Bxe5 Rc4 19. b3 Nxe5 20. Rxe5 Rxd4 21. Qf2 Rd2 22. Qxb6 axb6 23. Nb5 Bd7 24. a4 Bxb5 25. axb5 e6 26. Rc1 Rc8 27. c4 Rd3 28. Ra1 dxc4 29. bxc4 Rxc4 30. h5 Kg7 31. hxg6 hxg6 32. Ra7 Rxf3 33. Rxb7 Rxg4+ 34. Kh2 Kf6 0-1

[Event "BEL FEFB-ch op"]
[Site "Fontaine l'Eveque"]
[Date "2010.05.15"]
[Round "6"]
[White "Callier, Christophe"]
[Black "Russo, Bruno"]
[Result "0-1"]
[WhiteElo "2011"]
[BlackElo "1938"]
[PlyCount "78"]
[EventDate "2010.05.12"]
[EventType "swiss"]
[EventRounds "7"]
[EventCountry "BEL"]
[SourceTitle "EXT 2019"]
[Source "ChessBase"]
[SourceDate "2018.10.10"]
[SourceVersion "1"]
[SourceVersionDate "2018.10.10"]
[SourceQuality "1"]

1. e4 c5 2. Nf3 d6 3. d4 cxd4 4. Nxd4 Nf6 5. Nc3 g6 6. Be3 Bg7 7. f3 0-0 8. Bc4 Nc6 9. Qd2 Bd7 10. h4 h5 11. 0-0-0 Rb8 12. Bh6 b5 13. Bxg7 Kxg7 14. Bb3 Ne5 15. Nd5 Nxd5 16. Bxd5 Nc4 17. Qc3 e5 18. Nc6 Bxc6 19. Bxc6 Qb6 20. Bd5 Rfc8 21. Bxc4 Rxc4 22. Qb3 Rbc8 23. Rd2 a5 24. Kb1 Qc6 25. Rhd1 a4 26. Qd3 b4 27. Qxd6 Qxd6 28. Rxd6 Rxc2 29. Rd8 R8c4 30. R8d2 b3 31. axb3 axb3 32. g3 Rc6 33. Rd3 Rg2 34. Rxb3 Rxg3 35. Rd5 Re6 36. Rc3 Rh3 37. b4 Rxh4 38. b5 Rf4 39. Rc6 h4 0-1

[Event "BEL FEFB-ch op"]
[Site "Fontaine l'Eveque"]
[Date "2010.05.15"]
[Round "5"]
[White "Russo, Bruno"]
[Black "Degembe, Pierre"]
[Result "1/2-1/2"]
[WhiteElo "1938"]
[BlackElo "2029"]
[PlyCount "72"]
[EventDate "2010.05.12"]
[EventType "swiss"]
[EventRounds "7"]
[EventCountry "BEL"]
[SourceTitle "EXT 2019"]
[Source "ChessBase"]
[SourceDate "2018.10.10"]
[SourceVersion "1"]
[SourceVersionDate "2018.10.10"]
[SourceQuality "1"]

1. e4 c5 2. Nf3 d6 3. d4 cxd4 4. Nxd4 Nf6 5. Nc3 a6 6. a4 e5 7. Nb3 Be6 8. Be2 Nc6 9. Be3 d5 10. exd5 Nxd5 11. Nxd5 Qxd5 12. Bf3 e4 13. Be2 Qxd1+ 14. Rxd1 Bxb3 15. cxb3 Bb4+ 16. Bd2 0-0-0 17. Bc3 Rxd1+ 18. Kxd1 Rd8+ 19. Kc1 Bc5 20. Bg4+ Kc7 21. Re1 g6 22. Bf6 Rd6 23. Bh4 f5 24. Bd1 Re6 25. Rf1 Nd4 26. Bg3+ Kc8 27. Bf4 Rb6 28. Kb1 Nxb3 29. Bxb3 Rxb3 30. Rc1 b6 31. Bd6 e3 32. Bxc5 bxc5 33. Rxc5+ Kb7 34. fxe3 Rxe3 35. Rc2 Kb6 36. b4 Re4 1/2-1/2

[Event "BEL FEFB-ch op"]
[Site "Fontaine l'Eveque"]
[Date "2010.05.13"]
[Round "2"]
[White "Sohet, Cedric"]
[Black "Russo, Bruno"]
[Result "0-1"]
[WhiteElo "1742"]
[BlackElo "1938"]
[PlyCount "90"]
[EventDate "2010.05.12"]
[EventType "swiss"]
[EventRounds "7"]
[EventCountry "BEL"]
[SourceTitle "EXT 2019"]
[Source "ChessBase"]
[SourceDate "2018.10.10"]
[SourceVersion "1"]
[SourceVersionDate "2018.10.10"]
[SourceQuality "1"]

1. e4 c5 2. Nc3 Nc6 3. f4 e6 4. Nf3 d5 5. Bb5 Nge7 6. exd5 exd5 7. Qe2 Qd6 8. d3 g6 9. 0-0 Bg7 10. Qe1 0-0 11. Bxc6 Nxc6 12. Qh4 Nd4 13. Nxd4 Bxd4+ 14. Kh1 Bd7 15. f5 Bf6 16. Bg5 Bxg5 17. Qxg5 f6 18. Qg3 Qxg3 19. hxg3 Bc6 20. Rae1 Kg7 21. Re7+ Rf7 22. Rxf7+ Kxf7 23. Ne2 Re8 24. fxg6+ hxg6 25. Rf2 Re3 26. Kh2 b5 27. d4 c4 28. a3 a5 29. c3 g5 30. Ng1 Bd7 31. Re2 Rd3 32. Nf3 Bg4 33. Rf2 Kg6 34. Ne1 Re3 35. Nc2 Re7 36. Kg1 Be2 37. Ne1 Re6 38. Nc2 Bd3 39. Rd2 Rb6 40. Kf2 b4 41. Ne1 Bf5 42. cxb4 axb4 43. Nc2 Bxc2 44. Rxc2 bxa3 45. bxa3 Rb3 0-1

[Event "BEL-ch op"]
[Site "Namur"]
[Date "2009.07.07"]
[Round "4"]
[White "Russo, Bruno"]
[Black "Degrande, Marigje"]
[Result "0-1"]
[WhiteElo "2021"]
[BlackElo "1848"]
[PlyCount "67"]
[EventDate "2009.07.04"]
[EventType "swiss"]
[EventRounds "9"]
[EventCountry "BEL"]
[SourceTitle "EXT 2010"]
[Source "ChessBase"]
[SourceDate "2010.11.25"]
[SourceVersion "1"]
[SourceVersionDate "2010.11.25"]
[SourceQuality "1"]

1. e4 d6 2. d4 Nf6 3. Nc3 g6 4. Be2 Bg7 5. Be3 a6 6. g4 h5 7. gxh5 Nxh5 8. Nf3 Nf6 9. Ng5 Nc6 10. Bc4 e6 11. Qf3 Qe7 12. 0-0-0 Na5 13. Be2 Nc6 14. Qg2 Bd7 15. Rhe1 Bh6 16. f4 0-0-0 17. Qf1 Nb8 18. Bd2 Bc6 19. d5 Be8 20. dxe6 fxe6 21. Bc4 Bxg5 22. fxg5 Ng4 23. Qg2 Ne5 24. Bb3 Nbc6 25. Ne2 Bd7 26. Nf4 Rh7 27. Bc3 Re8 28. Rh1 Rh4 29. Bd2 Rf8 30. Rdf1 Nd8 31. Qf2 Rh7 32. Qa7 Bc6 33. Nd3 Rxh2 34. Nxe5 0-1

[Event "Hainaut-ch"]
[Site "Manage"]
[Date "2008.08.23"]
[Round "8.6"]
[White "De Noose, Daniel"]
[Black "Russo, Bruno"]
[Result "0-1"]
[WhiteElo "1876"]
[BlackElo "1951"]
[PlyCount "124"]
[EventDate "2008.08.23"]
[EventType "swiss"]
[EventRounds "9"]
[EventCountry "BEL"]
[SourceTitle "EXT 2024"]
[Source "ChessBase"]
[SourceDate "2023.10.10"]
[SourceVersion "1"]
[SourceVersionDate "2023.10.10"]
[SourceQuality "1"]

1. e4 c5 2. c3 d5 3. exd5 Qxd5 4. d4 Nf6 5. Nf3 Bg4 6. Be2 Nc6 7. 0-0 e6 8. Na3 Bd6 9. Nb5 Bb8 10. dxc5 Qxc5 11. Be3 Qh5 12. Nd6+ Kf8 13. h3 Bxf3 14. Bxf3 Qe5 15. Bc5 Qxc5 16. Nxb7 Qb6 17. Nd6 Qc7 18. g3 g6 19. Qa4 Nd5 20. Nb5 Qb6 21. c4 Nde7 22. c5 Qd8 23. Rfd1 Nd5 24. Nc3 Nce7 25. Qd4 Kg8 26. b4 Bc7 27. Qc4 Rb8 28. Nxd5 Nxd5 29. Bxd5 exd5 30. Rxd5 Qf6 31. Rad1 Kg7 32. b5 Rhe8 33. Kg2 Re7 34. R1d3 Rbe8 35. Rd7 Qf5 36. R7d5 Qe4+ 37. Qxe4 Rxe4 38. Rb3 R4e5 39. Rxe5 Rxe5 40. b6 axb6 41. cxb6 Bb8 42. a4 Ra5 43. Rb4 Kf6 44. Kf3 Ke6 45. Ke4 Kd6 46. Kd4 Kc6 47. f4 Kb7 48. Ke4 Ra6 49. g4 Rxb6 50. Rxb6+ Kxb6 51. h4 Ka5 52. h5 Kxa4 53. f5 Kb4 54. Kd5 Kc3 55. Kc6 Kd4 56. Kd7 gxf5 57. gxf5 Ke5 58. Ke7 Kxf5 59. Kxf7 h6 60. Ke7 Kg5 61. Ke6 Kxh5 62. Kf5 Bc7 0-1

[Event "Hainaut-ch"]
[Site "Manage"]
[Date "2008.08.23"]
[Round "9.2"]
[White "Krasucki, Youri"]
[Black "Russo, Bruno"]
[Result "1-0"]
[WhiteElo "1938"]
[BlackElo "1951"]
[PlyCount "55"]
[EventDate "2008.08.23"]
[EventType "swiss"]
[EventRounds "9"]
[EventCountry "BEL"]
[SourceTitle "EXT 2024"]
[Source "ChessBase"]
[SourceDate "2023.10.10"]
[SourceVersion "1"]
[SourceVersionDate "2023.10.10"]
[SourceQuality "1"]

1. e4 e5 2. Nf3 Nc6 3. d4 exd4 4. Nxd4 Bc5 5. Be3 Qf6 6. c3 Nge7 7. Bc4 0-0 8. 0-0 Ne5 9. Be2 Qg6 10. Nd2 d5 11. Bh5 Qd6 12. f4 N5g6 13. e5 Qd8 14. N2b3 Bb6 15. Qd2 Nh4 16. Rae1 Nhf5 17. Nxf5 Nxf5 18. Bd4 Qh4 19. Bd1 Re8 20. Bc2 Nh6 21. f5 Ng4 22. Qf4 Qh5 23. Bd1 Bxf5 24. h3 Re6 25. hxg4 g5 26. gxf5 gxf4 27. Bxh5 Rh6 28. Bd1 1-0

[Event "Hainaut-ch"]
[Site "Manage"]
[Date "2008.08.23"]
[Round "7.7"]
[White "Russo, Bruno"]
[Black "Barbier, Wiebke"]
[Result "1/2-1/2"]
[WhiteElo "1951"]
[BlackElo "1636"]
[PlyCount "102"]
[EventDate "2008.08.23"]
[EventType "swiss"]
[EventRounds "9"]
[EventCountry "BEL"]
[SourceTitle "EXT 2024"]
[Source "ChessBase"]
[SourceDate "2023.10.10"]
[SourceVersion "1"]
[SourceVersionDate "2023.10.10"]
[SourceQuality "1"]

1. e4 e5 2. Nf3 Nf6 3. Nc3 d6 4. d4 Nbd7 5. Bc4 Be7 6. 0-0 c6 7. Re1 0-0 8. Bb3 Qc7 9. h3 b5 10. Qe2 a6 11. Nd1 exd4 12. Nxd4 c5 13. Nf5 Nb6 14. Nxe7+ Qxe7 15. c3 Re8 16. Bc2 Bb7 17. f3 Nbd7 18. Bf4 Ne5 19. Ne3 Nh5 20. Bh2 Qg5 21. Qf2 Nf4 22. Qg3 Qxg3 23. Bxg3 Nfd3 24. Red1 Nxb2 25. Rxd6 Nbc4 26. Nxc4 Nxc4 27. Rd7 Bc6 28. Rc7 Rec8 29. Bb3 Rxc7 30. Bxc7 Rc8 31. Bxc4 Rxc7 32. Rd1 Kf8 33. Bd5 Ke7 34. Kf2 Rd7 35. Ke3 Bxd5 36. exd5 Kd6 37. f4 Re7+ 38. Kf3 a5 39. g4 f6 40. h4 h6 41. h5 Rb7 42. Ke4 b4 43. c4 a4 44. Kf5 b3 45. axb3 axb3 46. Kg6 b2 47. Rb1 Rb4 48. Kxg7 Rxc4 49. Rxb2 Rxf4 50. Kxh6 Rxg4 51. Rf2 c4 1/2-1/2

[Event "Charleroi TIPC op"]
[Site "Charleroi"]
[Date "2008.07.31"]
[Round "7"]
[White "Sarrau, Jelle"]
[Black "Russo, Bruno"]
[Result "1-0"]
[WhiteElo "2203"]
[BlackElo "1984"]
[PlyCount "49"]
[EventDate "2008.07.26"]
[EventType "swiss"]
[EventRounds "9"]
[EventCountry "BEL"]
[SourceTitle "EXT 2009"]
[Source "ChessBase"]
[SourceDate "2008.11.26"]
[SourceVersion "1"]
[SourceVersionDate "2008.11.26"]
[SourceQuality "1"]

1. e4 c5 2. Nc3 g6 3. g3 Bg7 4. Bg2 Nc6 5. d3 e6 6. Be3 Nd4 7. Nce2 Ne7 8. c3 Nxe2 9. Nxe2 b6 10. d4 cxd4 11. Bxd4 0-0 12. Bxg7 Kxg7 13. Qd6 Bb7 14. Rd1 Bc6 15. Nd4 Qe8 16. 0-0 Rd8 17. f4 Ba8 18. f5 exf5 19. exf5 f6 20. Rfe1 Rf7 21. Ne6+ dxe6 22. Qxd8 Qxd8 23. Rxd8 Bxg2 24. fxe6 Rf8 25. Rd7 1-0

[Event "Charleroi TIPC op"]
[Site "Charleroi"]
[Date "2008.07.30"]
[Round "6"]
[White "Russo, Bruno"]
[Black "Dumont, Andre"]
[Result "1/2-1/2"]
[WhiteElo "1984"]
[BlackElo "2145"]
[PlyCount "46"]
[EventDate "2008.07.26"]
[EventType "swiss"]
[EventRounds "9"]
[EventCountry "BEL"]
[SourceTitle "EXT 2009"]
[Source "ChessBase"]
[SourceDate "2008.11.26"]
[SourceVersion "1"]
[SourceVersionDate "2008.11.26"]
[SourceQuality "1"]

1. e4 e5 2. Nf3 Nc6 3. Bc4 Nf6 4. d3 Be7 5. c3 d6 6. Bb3 0-0 7. 0-0 Na5 8. Bc2 c5 9. Nbd2 Nc6 10. Re1 Qc7 11. Nf1 h6 12. Ng3 Re8 13. h3 Bf8 14. Nh4 d5 15. Qf3 dxe4 16. Nxe4 Nxe4 17. Qxe4 Qd7 18. d4 f5 19. Nxf5 Qxf5 20. Qxf5 Bxf5 21. Bxf5 exd4 22. Bd2 dxc3 23. Bxc3 Nd4 1/2-1/2

[Event "Charleroi TIPC op"]
[Site "Charleroi"]
[Date "2008.07.28"]
[Round "3"]
[White "Russo, Bruno"]
[Black "Kuciapa, Andre"]
[Result "1-0"]
[WhiteElo "1984"]
[BlackElo "1887"]
[PlyCount "61"]
[EventDate "2008.07.26"]
[EventType "swiss"]
[EventRounds "9"]
[EventCountry "BEL"]
[SourceTitle "EXT 2009"]
[Source "ChessBase"]
[SourceDate "2008.11.26"]
[SourceVersion "1"]
[SourceVersionDate "2008.11.26"]
[SourceQuality "1"]

1. e4 c5 2. Nf3 a6 3. d4 cxd4 4. Nxd4 e5 5. Nb3 Nf6 6. Nc3 Bb4 7. Bd2 0-0 8. Bd3 d5 9. Nxd5 Nxd5 10. exd5 Bxd2+ 11. Qxd2 Qe7 12. 0-0 Rd8 13. Rad1 Bg4 14. f3 Bh5 15. c4 Nd7 16. Qe3 Bg6 17. Rfe1 Rac8 18. Bxg6 hxg6 19. Rc1 b6 20. a3 Rc7 21. Nd2 Rdc8 22. f4 f6 23. b4 a5 24. Qd3 axb4 25. d6 Nc5 26. Qd5+ Qf7 27. dxc7 Qxd5 28. cxd5 bxa3 29. Rxc5 bxc5 30. d6 Rxc7 31. dxc7 1-0

[Event "BEL-ch op"]
[Site "Namur"]
[Date "2007.07.02"]
[Round "3.4"]
[White "Uhoda, Philippe"]
[Black "Russo, Bruno"]
[Result "1-0"]
[WhiteElo "2180"]
[BlackElo "1906"]
[PlyCount "89"]
[EventDate "2007.06.30"]
[EventType "swiss"]
[EventRounds "9"]
[EventCountry "BEL"]
[SourceTitle "CBM 119 Extra"]
[Source "ChessBase"]
[SourceDate "2007.09.04"]
[SourceVersion "1"]
[SourceVersionDate "2007.09.04"]
[SourceQuality "1"]

1. d4 Nf6 2. c4 g6 3. Nc3 Bg7 4. e4 d6 5. Nge2 0-0 6. Ng3 e5 7. d5 Nbd7 8. Be2 a5 9. h4 Nc5 10. Bg5 Bd7 11. Qd2 Re8 12. f3 Qb8 13. h5 Na4 14. Nxa4 Bxa4 15. Bh6 Bh8 16. Nf5 Bd7 17. Qg5 Qd8 18. g4 Nxe4 19. Qxd8 Raxd8 20. fxe4 gxf5 21. gxf5 Bf6 22. Kd2 Kh8 23. Kc3 Rg8 24. Rag1 Rxg1 25. Rxg1 Rg8 26. Rxg8+ Kxg8 27. b4 axb4+ 28. Kxb4 Bh4 29. Bd1 Bg3 30. Bg5 Kg7 31. Ba4 Be1+ 32. Kb3 Bxa4+ 33. Kxa4 f6 34. Be3 Bg3 35. Ba7 Kh6 36. Bb8 Kxh5 37. Bxc7 Kg5 38. c5 h5 39. cxd6 h4 40. d7 h3 41. d8Q Kg4 42. Qxf6 h2 43. Qh6 Bf4 44. Qxh2 Bxh2 45. d6 1-0

[Event "Charleroi op 3rd"]
[Site "Charleroi"]
[Date "2004.08.01"]
[Round "2"]
[White "Russo, Bruno"]
[Black "Duhayon, Yves"]
[Result "0-1"]
[WhiteElo "1964"]
[BlackElo "2211"]
[PlyCount "40"]
[EventDate "2004.07.03"]
[EventType "swiss"]
[EventRounds "9"]
[EventCountry "BEL"]
[SourceTitle "CBM 101 Extra"]
[Source "ChessBase"]
[SourceDate "2004.09.01"]
[SourceVersion "2"]
[SourceVersionDate "2004.09.01"]
[SourceQuality "1"]

1. e4 e5 2. d4 exd4 3. Qxd4 Nc6 4. Qe3 Nf6 5. Nc3 Be7 6. Bd2 d5 7. exd5 Nxd5 8. Qg3 Ncb4 9. 0-0-0 Nxc3 10. bxc3 Nxa2+ 11. Kb2 Be6 12. Qd3 Bf6 13. Qe4 Nxc3 14. Bxc3 Bxc3+ 15. Kc1 Qg5+ 16. f4 Qa5 17. Bb5+ Qxb5 18. Rd3 Qa5 19. Rxc3 Qxc3 20. f5 0-0-0 0-1